Normal view
MARC view
- TCC-21
Entry Geographic Name
001 - CONTROL NUMBER
- control field: 132093
003 - CONTROL NUMBER IDENTIFIER
- control field: NUST
005 - DATE AND TIME OF LATEST TRANSACTION
- control field: 20251125170517.0
008 - FIXED-LENGTH DATA ELEMENTS
- fixed length control field: 251125|| aca||aabn | a|a d
040 ## - CATALOGING SOURCE
- Original cataloging agency: NUST
- Transcribing agency: NUST
151 ## - HEADING--GEOGRAPHIC NAME
- Geographic name: TCC-21
670 ## - SOURCE DATA FOUND
- Source citation: Work cat.: (NUST)210858: Arshed , Talha (TCC-21) 132092, Range velocity detector using bistatic radar /, 2013
